000 00314nam a22001337a 4500
008 170228b xxu||||| |||| 00| 0 eng d
020 _a9789951466783
041 _aeng
080 _a616.8 006
100 _a6
101 _aSHM
245 _aINTEGRIMI I TRAJNIMIT MENTAL NE SPORT
_cUNESTHAL.L.E
942 _2udc
_cBK
999 _c6391
_d6391